000 00621nam a22001937a 4500
003 FEu
005 20140310183651.0
008 130219t xxu||||| |||| 00| 0 eng d
020 _a9789715849166
050 _aQK 99.P6
_b.R85 2009
100 _aRummel, Dietmar J.
245 _aDeskbook: Philippine medicinal plants in primary health care :
_bphytotherapy, phytopharmacology, phytochemistry, veterinary medicine /
_cDietmar J. Rummel.
260 _aQuezon City
_bC & E Pub,
_c2009.
300 _a565 p. :
_c25.4 cm.
_bill. ;
521 _aNUR
650 _aMedicinal plants
942 _2lcc
_cBK
_kLOC
999 _c26072
_d26072